Cómo aprender a hablar en público
Gardado en:
| Main Authors: | , |
|---|---|
| Formato: | Libro |
| Idioma: | Lingua castelá |
| Publicado: |
Buenos Aires, Argentina.
Lumen,
2002
|
| Subjects: | |
| Acceso en liña: | Disponible Online |
| Tags: |
Engadir etiqueta
Sen Etiquetas, Sexa o primeiro en etiquetar este rexistro!
|
MARC
| LEADER | 00000cam a2200000 a 4500 | ||
|---|---|---|---|
| 001 | UCF1772 | ||
| 003 | CL-VaPUC | ||
| 005 | 20250128085045.0 | ||
| 008 | 120723e20020000AG |||||||||||||||||spa|d | ||
| 999 | |c 348460 |d 348458 | ||
| 020 | |a 9870001513 | ||
| 040 | |c Pontificia Universidad Católica de Valparaíso | ||
| 082 | 0 | 4 | |a 808.51 AND 2002 |2 21 |
| 100 | |a Ander-Egg, Ezequiel |e autor |9 563263 | ||
| 245 | 1 | 0 | |a Cómo aprender a hablar en público |
| 260 | |a Buenos Aires, Argentina. |b Lumen, |c 2002 | ||
| 300 | |a 221 páginas | ||
| 583 | |a last modification |c 20120723 10:17:00 |k Rodrigo Vera | ||
| 650 | 0 | |a Comunicación oral |9 307769 | |
| 650 | 0 | |a Oratoria |9 307605 | |
| 650 | 0 | |a Expresión oral |9 334815 | |
| 650 | 0 | |a Retórica |9 266620 | |
| 700 | 0 | |a Aguilar Idáñez, María José |e author |9 563264 | |
| 856 | |u https://bibliografiadigital.pucv.cl/index.php/bibliotecapucv/catalog/book/668 |y Disponible Online | ||
| 942 | |c BK |2 ddc | ||
| 945 | |d 20120723 00:00:00 |a dcastane | ||
| 952 | |0 0 |1 0 |4 0 |6 808_510000000000000_AND_2002 |7 0 |8 A |9 450470 |a BIBING |b BIBING |d 2019-11-22 |i 4875222 |l 2 |o 808.51 AND 2002 |p 4875222 |r 2025-01-20 |s 2024-07-01 |w 2019-11-22 |y BK |k CUI | ||